00293nam a22000977a 4500040000700000082000800007100001900015245008400034260006800118300000900186 cHS a910 aHUOT KONGHEANG a GIS Geographic information system ArcMap tutorial ArcGIS 9.3 refernce document aPeak leap national school of agriculture bHUOT KONGHEANGc1998 a56p;